Los Angeles Clippers 2025-2026 Roster - Statistics

General Stats
  • This quiz has been taken 54 times
    28 since last reset
  • The average score is 12 of 17
Answer Stats
Jersey # Pos Answer % Correct
20 F-C John Collins
100%
2 F Kawhi Leonard
100%
11 C Brook Lopez
92%
10 G Darius Garland
92%
5 F Derrick Jones Jr
85%
22 G Jordan Miller
85%
8 G Kris Dunn
85%
33 G-F Nicolas Batum
85%
0 G Bradley Beal
77%
7 G Bogdan Bogdanovic
62%
9 G-F Bennedict Mathurin
54%
12 G Cam Christie
54%
23 F Isaiah Jackson
54%
4 G Kobe Sanders
54%
14 C Yanic Jonan Niederhauser
46%
15 G TyTy Washington Jr
38%
45 F Dalano Banton
0%
No matching quizzes found
Score Distribution
Percent of People with Each Score
Percentile by Number Answered
Your Score History
You have not taken this quiz since the last reset